| 000 | 00443nam a2200145 a 4500 | ||
|---|---|---|---|
| 001 | 000036319 | ||
| 005 | 20200930075651.0 | ||
| 008 | 120113s1957 ve 000 0 spa d | ||
| 040 |
_aDO-SdBNP _bspa _cBNPHU |
||
| 110 | 2 |
_aInstituto de Filosofía _bFacultad de Humanidades y Educación _962476 |
|
| 245 | 1 | 0 | _aAnuario de filosofía. |
| 260 |
_aVenezuela:, _cUniverdidad Central de Venezuela _c1957. |
||
| 300 |
_a529 p. ; _c23 cm. |
||
| 049 | _aBNPD | ||
| 999 |
_c35810 _d35810 |
||